| 000 | 00000nas 2200000za 4500 |
| 001 | 9.819393 |
| 003 | CaOODSP |
| 005 | 20221107142941 |
| 007 | cr ||||||||||| |
| 008 | 160614d19541983oncar p oss f000#b0fre|d |
| 040 | |aCaOODSP|bfre |
| 041 | |aeng|afre |
| 043 | |an-cn--- |
| 086 | 1 |aCS61-206-PDF |
| 245 | 00|aPrivate and public investment in Canada, outlook, mid-year review |h[ressource électronique]. |
| 246 | 10|aPrivate and public investment in Canada, outlook, mid-year review and regional estimates |
| 246 | 10|aPrivate and public investment in Canada, mid-year review |
| 246 | 11|aInvestissements privés et publics au Canada, perspectives, revue de la mi-année |
| 246 | 11|aInvestissements privés et publics au Canada, revue de la mi-année |
| 260 | |aOttawa : |bMinistère du commerce, |c[1954-1983]. |
| 310 | |aAnnuel |
| 362 | 0 |a1954-1983. |
| 500 | |aÉdition numérisée de l’imprimé [par Statistique Canada]. |
| 500 | |aLes livr. de 1968-1974 comportent le titre : Private and public investment in Canada, outlook, mid-year review and regional estimates. |
| 500 | |aLes livr. de 1976-1983 comportent le titre : Private and public investment in Canada, mid-year review = Investissements privés et publics au Canada, revue de la mi-année. |
| 500 | |aLa livr. de 1975 comporte le titre : Private and public investment in Canada, outlook, mid-year review = Investissements privés et publics au Canada, perspectives, revue de la mi-année. |
| 525 | |aLa livr. de 1967 comporte un supplement. |
| 546 | |aTexte en anglais seulement, 1954-1974; texte en anglais et en français, 1975-1983. |
| 550 | |aPublié 1965-1968 par le Bureau fédéral de la statistique et le Ministère du commerce; 1969-1970 par le Bureau fédéral de la statistique et le Ministère de l'industrie et du commerce; 1971-1974 par Statistique Canada et le Ministère de l'industrie et du commerce; 1975-1983 par Statistique Canada, Division de la construction. |
| 692 | 07|2gccst|aInvestissement |
| 710 | 1 |aCanada. |bBureau fédéral de la statistique. |
| 710 | 1 |aCanada. |bMinistère de l'industrie et du commerce. |
| 710 | 1 |aCanada. |bMinistère du commerce. |
| 710 | 2 |aStatistique Canada.|bDivision de la construction. |
| 780 | 00|tInvestissements privés et publics au Canada, perspectives ..., revue de la mi-année |w(CaOODSP)9.822236 |
| 785 | 00|tPrivate and public investment in Canada. |w(CaOODSP)9.819402 |
| 791 | |tPrivate and public investment in Canada, outlook, mid-year review |eeng|w(CaOODSP)9.819377 |